<?xml version="1.0" encoding="UTF-8"?><?xml-stylesheet type="text/xsl" href="static/style.xsl"?><OAI-PMH xmlns="http://www.openarchives.org/OAI/2.0/" xmlns:xsi="http://www.w3.org/2001/XMLSchema-instance" xsi:schemaLocation="http://www.openarchives.org/OAI/2.0/ http://www.openarchives.org/OAI/2.0/OAI-PMH.xsd"><responseDate>2026-04-14T05:25:21Z</responseDate><request verb="GetRecord" identifier="oai:www.recercat.cat:2445/218454" metadataPrefix="marc">https://recercat.cat/oai/request</request><GetRecord><record><header><identifier>oai:recercat.cat:2445/218454</identifier><datestamp>2025-12-05T05:38:16Z</datestamp><setSpec>com_2072_1057</setSpec><setSpec>col_2072_478857</setSpec><setSpec>col_2072_478917</setSpec></header><metadata><record xmlns="http://www.loc.gov/MARC21/slim" xmlns:dcterms="http://purl.org/dc/terms/" xmlns:xsi="http://www.w3.org/2001/XMLSchema-instance" xmlns:doc="http://www.lyncode.com/xoai" xsi:schemaLocation="http://www.loc.gov/MARC21/slim http://www.loc.gov/standards/marcxml/schema/MARC21slim.xsd">
   <leader>00925njm 22002777a 4500</leader>
   <datafield ind2=" " ind1=" " tag="042">
      <subfield code="a">dc</subfield>
   </datafield>
   <datafield ind2=" " ind1=" " tag="720">
      <subfield code="a">Comas Via, Mireia</subfield>
      <subfield code="e">author</subfield>
   </datafield>
   <datafield ind2=" " ind1=" " tag="260">
      <subfield code="c">2025-02-03T16:24:49Z</subfield>
   </datafield>
   <datafield ind2=" " ind1=" " tag="260">
      <subfield code="c">2025-02-03T16:24:49Z</subfield>
   </datafield>
   <datafield ind2=" " ind1=" " tag="260">
      <subfield code="c">2024</subfield>
   </datafield>
   <datafield ind2=" " ind1=" " tag="260">
      <subfield code="c">2025-02-03T16:24:49Z</subfield>
   </datafield>
   <datafield ind2=" " ind1=" " tag="520">
      <subfield code="a">L’objectiu de la nostra contribució és analitzar, per una banda, els diferents mecanismes que la societat de la Barcelona baixmedieval va desenvolupar per assistir les dones i els homes que van arribar a la vellesa i, per altra banda, determinar la seva forma d’integració en la comunitat mitjançant pràctiques de subsidi, acollida, assistència i salut. Les discapacitats i deterioracions pròpies de la senectut feien i fan necessari l'atenció i la cura de les persones grans, encara més tenint en compte que no totes van poder disposar dels mitjans suficients per a mantenir la seva posició social i econòmica, ateses les dificultats per poder continuar treballant i poder comptar amb ingressos regulars. Aquesta necessitat d'assistència podia ser coberta per l'entorn familiar, amics o veïns, però també per institucions benèfiques i religioses a les quals els homes i dones d'edat avançada podien acudir a la recerca d'auxili. Aquesta ajuda podia consistir en almoines, en el cas de determinades dificultats econòmiques, però també suport en cas de malaltia, i protecció i acompanyament davant circumstàncies d'impotència i solitud. Amb aquest propòsit analitzarem entre d’altres, els llibres d’entrades de l’Hospital de la Santa Creu, els registres del Bací dels pobres vergonyants de Santa Maria del Pi, però també els registres de deliberacions del Consell de Cent, en què es discutien la concessió de subsidis als oficials de la institució, que expressaven la seva impossibilitat de continuar en el seu càrrec per culpa de l’edat.</subfield>
   </datafield>
   <datafield tag="653" ind2=" " ind1=" ">
      <subfield code="a">Vellesa</subfield>
   </datafield>
   <datafield tag="653" ind2=" " ind1=" ">
      <subfield code="a">Catalunya</subfield>
   </datafield>
   <datafield tag="653" ind2=" " ind1=" ">
      <subfield code="a">Baixa edat mitjana</subfield>
   </datafield>
   <datafield tag="653" ind2=" " ind1=" ">
      <subfield code="a">Assistència a les persones grans</subfield>
   </datafield>
   <datafield tag="653" ind2=" " ind1=" ">
      <subfield code="a">Old age</subfield>
   </datafield>
   <datafield tag="653" ind2=" " ind1=" ">
      <subfield code="a">Catalonia</subfield>
   </datafield>
   <datafield tag="653" ind2=" " ind1=" ">
      <subfield code="a">Late Middle Ages</subfield>
   </datafield>
   <datafield tag="653" ind2=" " ind1=" ">
      <subfield code="a">Old age assistance</subfield>
   </datafield>
   <datafield ind2="0" ind1="0" tag="245">
      <subfield code="a">L’assistència a la vellesa a la Barcelona de la baixa Edat Mitjana</subfield>
   </datafield>
</record></metadata></record></GetRecord></OAI-PMH>